UK Geography General Knowledge #1 - Statistics

General Stats
  • This quiz has been taken 2,078 times
  • The average score is 11 of 15
Answer Stats
Question Answer % Correct
What is the English Capital? London
100%
What is the Welsh Capital? Cardiff
98%
What is the Northern Irish Capital? Belfast
97%
What is the Scottish Capital? Edinburgh
97%
Name the Tallest mountain in the UK Ben Nevis
87%
Name the Sea which separates the UK and Ireland Irish Sea
84%
What structure was built by the Romans to seperate England and Scotland? Hadrians Wall
83%
Which River does flows through Newcastle? Tyne
83%
Name the island is located on the South Coast? Isle Of Wight
79%
Name the pagan structure which is located in Wiltshire Stonehenge
79%
In which English county can you find the Lake District? Cumbria
66%
Which basaltic rock structure can be found in Northern Ireland? Giants Causeway
64%
What is the largest UK lake by water volume? Loch Ness
57%
Which English Town can you find the Channel Tunnel? Folkestone
33%
Which city has the tallest church spire? Salisbury
30%
No matching quizzes found
Score Distribution
Percent of People with Each Score
Percentile by Number Answered
Your Score History
You have not taken this quiz